|
|
|
|
| LEADER |
00000nam a22000007a 4500 |
| 008 |
210430b ||||| |||| 00| 0 eng d |
| 020 |
|
|
|a 978-34284-4-6
|
| 100 |
|
|
|a ADÉJÙMÒ, Àrinpe
|
| 245 |
|
|
|a Eyin àparò
|c Àrinpe Adéjùmò
|g v, 55p.
|
| 260 |
|
|
|b Capstone
|c 1998
|h Lagos
|i 689300
|i 689301
|
| 942 |
|
|
|a lcc
|c BK
|e Adekanye, I. H.
|f 30/04/2021
|
| 952 |
|
|
|0 0
|1 0
|2 lcc
|4 0
|6 PL8821 A D13
|7 0
|9 2388
|a HOL
|b HOL
|c LP
|d 2021-05-06
|l 0
|o PL8821 .Ad13
|p 2021-6239
|r 2021-05-06 00:00:00
|w 2021-05-06
|y BK
|
| 952 |
|
|
|0 0
|1 0
|2 lcc
|4 0
|6 PL8821 A D13
|7 0
|9 2389
|a HOL
|b HOL
|c LP
|d 2021-05-06
|l 0
|o PL8821 .Ad13
|p 2021-6240
|r 2021-05-06 00:00:00
|w 2021-05-06
|y BK
|
| 999 |
|
|
|c 1236
|d 1236
|